000 00359nam a2200133Ia 4500
008 100328s9999 xx 000 0 und d
082 _b56865
100 _aवाळिंबे सुरेश
245 _aअद्वैत
260 _bश्रीस्वामी
630 _aअद्वैत
730 _aअद्वैत
942 _cBOOK
999 _c543364
_d543361